[Event "Ramat Gan Hanukkah rapid op"]
[Site "Ramat Gan"]
[Date "2024.12.30"]
[Round "4"]
[White "Uritsky, Yonathan"]
[Black "Kerner, Michael"]
[Result "1-0"]
[WhiteElo "2354"]
[BlackElo "2063"]
[PlyCount "85"]
[EventDate "2024.12.30"]
[EventType "swiss (rapid)"]
[EventRounds "5"]
[EventCountry "ISR"]
[SourceTitle "CB02_2025"]
[SourceDate "2025.01.08"]
[SourceVersion "1"]
[SourceVersionDate "2025.01.08"]
[SourceQuality "1"]

1. e4 c6 2. Nf3 d5 3. Nc3 dxe4 4. Nxe4 Nf6 5. Qe2 Nxe4 6. Qxe4 Be6 7. b3 Nd7 8. Bb2 Nf6 9. Qh4 Bf5 10. 0-0-0 e6 11. d4 Ne4 12. Re1 Be7 13. Qf4 Nxf2 14. Rg1 Ng4 15. d5 Qxd5 16. Bc4 Qd6 17. Qxd6 Bxd6 18. Nd4 0-0 19. h3 Bf4+ 20. Kb1 Ne3 21. Nxf5 Nxf5 22. Rgf1 Bg3 23. Re4 g6 24. h4 h5 25. Rf3 Rad8 26. Bc3 Rd1+ 27. Kb2 Nd6 28. Re2 Bxh4 29. Bd3 Bg5 30. b4 Bc1+ 31. Kb3 Bh6 32. Bf6 Rb1+ 33. Ka3 Nb5+ 34. Ka4 Bg7 35. c4 Bxf6 36. cxb5 Be7 37. Bxb1 cxb5+ 38. Kxb5 Rc8 39. Rc2 Rd8 40. Rc7 a6+ 41. Ka4 b5+ 42. Kb3 Re8 43. Be4 1-0

[Event "Belgrade Trophy 37th"]
[Site "Belgrade"]
[Date "2024.12.01"]
[Round "9"]
[White "Atalik, Suat"]
[Black "Kerner, Michael"]
[Result "1-0"]
[WhiteElo "2420"]
[BlackElo "2086"]
[PlyCount "89"]
[EventDate "2024.11.23"]
[EventType "swiss"]
[EventRounds "9"]
[EventCountry "SRB"]
[SourceTitle "CB49_2024"]
[SourceDate "2024.12.04"]
[SourceVersion "1"]
[SourceVersionDate "2024.12.04"]
[SourceQuality "1"]

1. d4 Nf6 2. c4 e5 3. dxe5 Ng4 4. Nf3 Bc5 5. e3 Nc6 6. a3 a5 7. Nc3 0-0 8. Qd5 Qe7 9. Ne4 Ba7 10. Bd2 Re8 11. c5 Ngxe5 12. Bc3 Ng6 13. Bd3 Nce5 14. Bc2 c6 15. Qd6 b6 16. Nxe5 Nxe5 17. cxb6 Bxb6 18. 0-0-0 Ra7 19. Qb8 Rb7 20. Qxe5 Qxe5 21. Bxe5 Rxe5 22. Nd6 Rb8 23. Nxc8 Rxc8 24. Rxd7 Rb8 25. Rhd1 g6 26. R1d6 Rc5 27. Rf6 Rf8 28. Kb1 Kg7 29. Rfd6 Rb8 30. g4 h5 31. Bb3 hxg4 32. Bxf7 Rg5 33. Bxg6+ Kg8 34. Rxc6 Bc5 35. Bf7+ Kf8 36. a4 Be7 37. Bc4 Rf5 38. Rg6 Ke8 39. Ra7 Rxf2 40. Bb5+ Kf8 41. Rxg4 Rd8 42. Bc4 Rd1+ 43. Ka2 Ke8 44. Rg8+ Rf8 45. Rg7 1-0

[Event "Belgrade Trophy 37th"]
[Site "Belgrade"]
[Date "2024.11.30"]
[Round "8"]
[White "Kerner, Michael"]
[Black "Stanojoski, Zvonko"]
[Result "0-1"]
[WhiteElo "2086"]
[BlackElo "2401"]
[PlyCount "116"]
[EventDate "2024.11.23"]
[EventType "swiss"]
[EventRounds "9"]
[EventCountry "SRB"]
[SourceTitle "CB49_2024"]
[SourceDate "2024.12.04"]
[SourceVersion "1"]
[SourceVersionDate "2024.12.04"]
[SourceQuality "1"]

1. e4 c5 2. Nf3 e6 3. Qe2 Nc6 4. g3 g6 5. Bg2 Bg7 6. 0-0 d6 7. c3 Nge7 8. d4 cxd4 9. cxd4 Nxd4 10. Nxd4 Bxd4 11. Bh6 Qb6 12. Nc3 Bd7 13. Rfd1 Rg8 14. Qd2 e5 15. Be3 Bg4 16. Re1 Bxe3 17. Rxe3 Rd8 18. Rd3 f6 19. h3 Be6 20. Rd1 Kf7 21. b3 Qb4 22. Qh6 Rg7 23. a3 Qb6 24. b4 Bb3 25. R1d2 Kg8 26. h4 Bc4 27. Rf3 d5 28. exd5 Nf5 29. Rxf5 gxf5 30. Na4 Qd6 31. Nc5 e4 32. Ne6 Rg6 33. Qe3 Re8 34. h5 Rg4 35. Rd4 Bxd5 36. Nf4 Rxf4 37. gxf4 Qc6 38. Bh3 Be6 39. Qd2 Kf7 40. Bf1 Rg8+ 41. Kh2 Rg4 42. Bh3 Rh4 43. Rd6 Qc7 44. Kg3 Rxh5 45. Qd4 Ke7 46. Rxe6+ Kxe6 47. Qxe4+ Kf7 48. Bxf5 Qe7 49. Qd3 Kg7 50. Be4 Kh8 51. Kg4 Rh6 52. Qd5 Qg7+ 53. Kf3 Rh3+ 54. Ke2 Qe7 55. f3 Rh2+ 56. Ke3 Qc7 57. Bd3 Rh1 58. Kf2 Qb6+ 0-1

[Event "Kiryat Ono Summer op"]
[Site "Kiryat Ono"]
[Date "2016.07.06"]
[Round "4"]
[White "Reshef, Omer"]
[Black "Kerner, Michael"]
[Result "1/2-1/2"]
[WhiteElo "2429"]
[BlackElo "2150"]
[PlyCount "43"]
[EventDate "2016.07.03"]
[EventType "swiss"]
[EventRounds "5"]
[EventCountry "ISR"]
[SourceTitle "CBM 173 Extra"]
[Source "ChessBase"]
[SourceDate "2016.08.29"]
[SourceVersion "1"]
[SourceVersionDate "2016.08.29"]
[SourceQuality "1"]

1. e4 c5 2. Nf3 Nc6 3. Bb5 g6 4. 0-0 Bg7 5. Bxc6 dxc6 6. Nc3 h6 7. d3 g5 8. Be3 b6 9. d4 g4 10. Ne5 Bxe5 11. dxe5 Qxd1 12. Raxd1 f6 13. Bf4 Be6 14. a4 fxe5 15. Bxe5 Nf6 16. Bxf6 exf6 17. Rd6 Ke7 18. Rfd1 Bd5 19. Nxd5+ Kxd6 20. Nxb6+ Ke7 21. Nxa8 Rxa8 22. f3 1/2-1/2

[Event "Kiryat Ono Summer op"]
[Site "Kiryat Ono"]
[Date "2016.07.05"]
[Round "3"]
[White "Gorodetzky, David"]
[Black "Kerner, Michael"]
[Result "1-0"]
[WhiteElo "2331"]
[BlackElo "2150"]
[PlyCount "129"]
[EventDate "2016.07.03"]
[EventType "swiss"]
[EventRounds "5"]
[EventCountry "ISR"]
[SourceTitle "CBM 173 Extra"]
[Source "ChessBase"]
[SourceDate "2016.08.29"]
[SourceVersion "1"]
[SourceVersionDate "2016.08.29"]
[SourceQuality "1"]

1. e4 c5 2. c3 d6 3. d4 Nf6 4. Bd3 g6 5. Nf3 Bg7 6. 0-0 0-0 7. h3 Qc7 8. Qe2 e5 9. Be3 Re8 10. dxe5 dxe5 11. Nbd2 b6 12. a4 a6 13. Nc4 Bb7 14. a5 b5 15. Nb6 Ra7 16. Nd2 Bf8 17. Bg5 Nbd7 18. c4 b4 19. Nd5 Qd6 20. Bc2 h6 21. Be3 Bg7 22. Nxb4 Nh5 23. Qd3 Qc7 24. Ba4 Rd8 25. Nd5 Bxd5 26. cxd5 Nf4 27. Qc4 Rb7 28. Bxd7 Qxd7 29. b3 Nxh3+ 30. gxh3 Qxh3 31. Qe2 f5 32. f3 fxe4 33. Nxe4 Rxb3 34. Rfb1 Rxb1+ 35. Rxb1 Rxd5 36. Qa2 Qe6 37. Nc3 Rd6 38. Qxe6+ Rxe6 39. Bxc5 g5 40. Ne4 g4 41. fxg4 Rg6 42. Nf2 e4 43. Rb3 Rg5 44. Bb6 h5 45. Kg2 hxg4 46. Nxe4 Re5 47. Nc5 Re2+ 48. Kg3 Rc2 49. Kxg4 Bc3 50. Nxa6 Bxa5 51. Bxa5 Rc6 52. Bb6 Kf7 53. Nc7 Rg6+ 54. Kf5 Rf6+ 55. Ke5 Rf1 56. Nd5 Kg6 57. Be3 Kf7 58. Rb7+ Kg6 59. Nf4+ Kh6 60. Ne6+ Kh5 61. Rh7+ Kg4 62. Ke4 Rf6 63. Rg7+ Kh3 64. Nf4+ Kh2 65. Rh7+ 1-0

[Event "EU-ch 16th"]
[Site "Jerusalem"]
[Date "2015.03.08"]
[Round "11"]
[White "Kogan, Artur"]
[Black "Kerner, Michael"]
[Result "1-0"]
[WhiteElo "2555"]
[BlackElo "2063"]
[PlyCount "69"]
[EventDate "2015.02.24"]
[EventType "swiss"]
[EventRounds "11"]
[EventCountry "ISR"]
[SourceTitle "CBM 166"]
[Source "ChessBase"]
[SourceDate "2015.05.11"]
[SourceVersion "1"]
[SourceVersionDate "2015.05.11"]
[SourceQuality "1"]

1. e4 c5 2. b4 cxb4 3. a3 bxa3 4. d4 g6 5. Nf3 Bg7 6. Bc4 d6 7. 0-0 Nf6 8. e5 dxe5 9. Nxe5 0-0 10. c3 Qc7 11. Nxa3 a6 12. Qb3 e6 13. Be2 Nc6 14. Nac4 b5 15. Nxc6 bxc4 16. Qxc4 Bb7 17. Na5 Qxc4 18. Bxc4 Bd5 19. Be2 Ne4 20. Ra3 Rac8 21. c4 Ba8 22. Be3 Rfd8 23. Rd1 Rb8 24. c5 Rb2 25. Kf1 Bf8 26. f3 Nf6 27. Nc4 Rb4 28. Bg5 Kg7 29. Rxa6 Bd5 30. Ne5 Bb3 31. Rb1 Rdxd4 32. Nc6 Bc4 33. Nxb4 Bxa6 34. Bxf6+ Kxf6 35. Nxa6 1-0

[Event "EU-ch 16th"]
[Site "Jerusalem"]
[Date "2015.03.06"]
[Round "10"]
[White "Kerner, Michael"]
[Black "Or, Yohanan"]
[Result "1-0"]
[WhiteElo "2063"]
[BlackElo "1822"]
[PlyCount "159"]
[EventDate "2015.02.24"]
[EventType "swiss"]
[EventRounds "11"]
[EventCountry "ISR"]
[SourceTitle "CBM 166"]
[Source "ChessBase"]
[SourceDate "2015.05.11"]
[SourceVersion "1"]
[SourceVersionDate "2015.05.11"]
[SourceQuality "1"]

1. e4 e6 2. Qe2 c5 3. Nf3 Nc6 4. g3 Nge7 5. Bg2 a6 6. 0-0 Ng6 7. d3 Be7 8. c3 d5 9. h4 h6 10. e5 b5 11. Re1 Bb7 12. Nbd2 Qc7 13. b3 a5 14. Nf1 b4 15. c4 d4 16. a3 Nf8 17. Bf4 Nh7 18. h5 Kd7 19. axb4 Nxb4 20. Bd2 Ng5 21. Bxb4 axb4 22. N1d2 Bc6 23. Nh4 Qb7 24. Qg4 Rhg8 25. f4 Nh7 26. Ne4 Rxa1 27. Rxa1 f5 28. exf6 Nxf6 29. Nxf6+ Bxf6 30. Nf3 Ra8 31. Re1 Re8 32. Kf2 Qa6 33. f5 e5 34. Nd2 Kc7 35. Qg6 Re7 36. Bxc6 Kxc6 37. Re2 Qc8 38. Ne4 Qf8 39. Ra2 Kb6 40. Qg4 Qb8 41. Qd1 Ra7 42. Qa1 Rxa2+ 43. Qxa2 Qe8 44. g4 Qc6 45. Ke2 Bg5 46. Kd1 Be7 47. Kc2 Qd7 48. Qa4 Qc6 49. Qxc6+ Kxc6 50. Kd2 Kd7 51. Ke2 Ke8 52. Kf3 Kf7 53. Nf2 Bh4 54. Nd1 Ke7 55. Nb2 Bg5 56. Ke4 Kd6 57. Na4 Bd8 58. Kf3 Kc6 59. Nb2 Kd6 60. Nd1 Bh4 61. Ke4 Bg5 62. Nf2 Bh4 63. Nh3 Bf6 64. Ng1 Bg5 65. Kf3 Bh4 66. Ne2 Ke7 67. Ng1 Kd6 68. Nh3 Bf6 69. Nf2 Kc6 70. Ne4 Be7 71. Kg3 Bd8 72. g5 hxg5 73. f6 gxf6 74. h6 f5 75. h7 fxe4 76. h8Q exd3 77. Qh6+ Kb7 78. Qh7+ Kb6 79. Kf3 g4+ 80. Kxg4 1-0

[Event "EU-ch 16th"]
[Site "Jerusalem"]
[Date "2015.03.03"]
[Round "7"]
[White "Zanan, Evgeny"]
[Black "Kerner, Michael"]
[Result "1/2-1/2"]
[WhiteElo "2327"]
[BlackElo "2063"]
[PlyCount "99"]
[EventDate "2015.02.24"]
[EventType "swiss"]
[EventRounds "11"]
[EventCountry "ISR"]
[SourceTitle "CBM 166"]
[Source "ChessBase"]
[SourceDate "2015.05.11"]
[SourceVersion "1"]
[SourceVersionDate "2015.05.11"]
[SourceQuality "1"]

1. Nf3 c5 2. c4 Nc6 3. b3 e5 4. d3 e4 5. Ng5 f5 6. Nc3 Be7 7. Nh3 Bf6 8. Bb2 e3 9. fxe3 Bxc3+ 10. Bxc3 Nf6 11. g3 Ng4 12. Qc1 d5 13. Bg2 d4 14. exd4 cxd4 15. Bd2 Qd6 16. 0-0 a5 17. Bf4 Nce5 18. Nf2 h5 19. Nxg4 hxg4 20. e3 g5 21. Bxe5 Qxe5 22. Re1 Kd8 23. Qb2 Ra6 24. Qxd4+ Qxd4 25. exd4 Rah6 26. Rf1 Rxh2 27. Rae1 R2h6 28. Re5 Rf6 29. Kf2 f4 30. Rh1 Rxh1 31. Bxh1 f3 32. Re3 Rh6 33. Bxf3 gxf3 34. Kxf3 Rh2 35. Re5 g4+ 36. Ke4 Rxa2 37. Rg5 Rb2 38. Rxa5 Rxb3 39. Ra2 Rb1 40. Rh2 Rg1 41. Kf4 Kc7 42. Rh7+ Bd7 43. d5 Rf1+ 44. Ke4 Re1+ 45. Kf4 b6 46. d4 Rc1 47. Ke5 Re1+ 48. Kf4 Rf1+ 49. Ke5 Re1+ 50. Kf4 1/2-1/2